00517nam a22001337a 4500003000400000005001700004008004100021040001100062100007500073245017100148250000800319260004900327300000700376OSt20240416143458.0240416b |||||||| |||| 00| 0 eng d cMRSPTU aDeepti,Shyam Sunder (ਦੀਪਤੀ, ਸ਼ਿਆਮ ਸੁੰਦਰ) aVihin Sadi Diyan Shareshth Hindi Minni Kahanian (ਵੀਹਵੀਂ ਸਦੀ ਦੀਆਂ ਸ੍ਰੇਸ਼ਟ ਹਿੰਦੀ ਮਿੰਨੀ ਕਹਾਣੀਆਂ a1st aPunjabbBalraj Sahni Yadgaar Parkashanc2000 a88